Gmat : How to prepare for the graduate management admission test = Chương trình luyện thi GMAT

Αποθηκεύτηκε σε:
Λεπτομέρειες βιβλιογραφικής εγγραφής
Κύριος συγγραφέας: Jaffe, Eugene D.
Μορφή: Βιβλίο
Γλώσσα:Undetermined
Έκδοση: Thành phố Hồ Chí Minh Trẻ 2001
Θέματα:
Ετικέτες: Προσθήκη ετικέτας
Δεν υπάρχουν, Καταχωρήστε ετικέτα πρώτοι!
Thư viện lưu trữ: Trung tâm Học liệu Trường Đại học Cần Thơ
LEADER 00754nam a2200229Ia 4500
001 CTU_96282
008 210402s9999 xx 000 0 und d
020 |c 75000 
082 |a 650.076 
082 |b J23 
100 |a Jaffe, Eugene D. 
245 0 |a Gmat : 
245 0 |b How to prepare for the graduate management admission test = Chương trình luyện thi GMAT 
245 0 |c Eugene D. Jaffe 
260 |a Thành phố Hồ Chí Minh 
260 |b Trẻ 
260 |c 2001 
650 |a Graduate management admission test,Management 
650 |x Examinations, questions, etc. 
904 |i Truc 
910 |a Sách kèm đĩa có số AV.000653; AV.000651; AV.000652 
980 |a Trung tâm Học liệu Trường Đại học Cần Thơ